The beauties of the late Reverend Dr. Isaac Watts : containing the most striking and admired passages in the works of that justly celebrated divine, philosopher, moralist, and poet: equally calculated for the communication of polite and useful knowledge, and the increase of wisdom and happiness. : --To which is added--the life of the author.

Bibliographic Details
Main Author: Watts, Isaac, 1674-1748
Format: eBook
Language:English
Published: Printed at Newburyport [Mass.] : By Edmund M. Blunt, for Mathew Carey, Philadelphia, 1797.
Series:Early American imprints. Evans (1639-1800) ; no. 33161.
Subjects:
Online Access:Evans Digital Edition

MARC

Tag First Indicator Second Indicator Subfields
LEADER 00000cam a2200000 a 4500
001 in00002180621
006 m e d #
007 cr mn mmmmabba
008 830818s1797 mau s 000 0beng d
005 20260331143404.9
035 |z w029952 
035 |a MAAR8308182601B 
035 |9 mwa91-47181 
035 |a 348704 
035 |a aas03029952 
040 |a MWA  |c MWA  |e bdrb  |d UtOrBLW 
100 1 |a Watts, Isaac,  |d 1674-1748. 
245 1 4 |a The beauties of the late Reverend Dr. Isaac Watts :  |b containing the most striking and admired passages in the works of that justly celebrated divine, philosopher, moralist, and poet: equally calculated for the communication of polite and useful knowledge, and the increase of wisdom and happiness. : --To which is added--the life of the author. 
264 1 |a Printed at Newburyport [Mass.] :  |b By Edmund M. Blunt, for Mathew Carey, Philadelphia,  |c 1797. 
300 |a viii, 1 unnumbered page, 10-239 pages, 1 unnumbered page ;  |c 18 cm. (duodecimo) 
336 |a text  |b txt  |2 rdacontent 
337 |a computer  |b c  |2 rdamedia 
338 |a online resource  |b cr  |2 rdacarrier 
510 4 |a Evans  |c 33161 
530 |a Microform version available in the Readex Early American Imprints series. 
533 |a Electronic text and image data.  |b [Chester, Vt. :  |c Readex, a division of Newsbank, Inc.,  |d 2002-2004.  |e Includes files in TIFF, GIF and PDF formats with inclusion of keyword searchable text.  |f (Early American imprints. First series ; no. 33161). 
500 |a Electronic resource. 
600 1 0 |a Watts, Isaac,  |d 1674-1748. 
752 |a United States  |b Massachusetts  |d Newburyport. 
752 |a United States  |b Pennsylvania  |d Philadelphia. 
830 0 |a Early American imprints.  |n Series I,  |p Evans (1639-1800) ;  |v no. 33161. 
856 4 1 |u http://proxy.library.tamu.edu/login?url=https://opac.newsbank.com/select/evans/33161  |y Evans Digital Edition  |t 0 
999 |a MARS 
999 f f |s a51bca81-11dc-3f6d-802a-b3e3d6f7164a  |i 6449c096-c882-3303-9104-d2ecc09ade46  |t 0 
952 f f |a Texas A&M University  |b College Station  |c Electronic Resources  |s www_evans  |d Available Online  |t 0  |h No information provided 
998 f f |t 0  |l Available Online